Communes au nom commun - Mort Subite #3 - Statistiques

Statistiques générales
  • Ce quiz a été pris 49 fois
  • Le résultat moyen est 8 sur 20
Answers on the Grid
Answers color-coded by a green-red scale on the quiz's grid according to % correct below.
Dangers
Créances
Ballons
Moulins
Planches
Roquettes
Sabres
Salles
Trappes
Viviers
Villes
Hommes
Fourneaux
Fougères
Claviers
Charmes
Brosses
Beuvrages
Aveux
Cultures
Clichés
Fautives
Fromages
Bernacles
Malédictions
Régions
Carnages
Poubelles
Morsures
Infractions
 
Statistiques - réponses
Réponse % Correct
Ille-et-Vilaine (35) Fougères
75%
Aisne (02) / Allier (03) / Ille-et-Vilaine (35) Moulins
75%
Yvelines (78) Trappes
72%
Gironde (33) / Lot-et-Garonne (47) / Hautes-Pyrénées (65) / Deux-Sèvres (79) / Tarn (81) Salles
53%
Loire (42) / Manche (50) / Savoie (73) Fourneaux
50%
Ardèche (07) / Moselle (57) / Yonne (89) Viviers
50%
Aisne (02) / Allier (03) / Côte-d'Or (21) / Haute-Marne (52) / Vosges (88) Charmes
47%
Orne (61) Planches
47%
Landes (40) Sabres
47%
Yonne (89) Brosses
38%
Drôme (26) Ballons
34%
Hautes-Pyrénées (65) Aveux
31%
Ain (01) Villes
31%
Nord (59) Beuvrages
28%
Indre-et-Loire (37) Hommes
28%
Manche (50) Créances
25%
Haute-Garonne (31) Roquettes
25%
Var (83) Claviers
22%
Eure-et-Loir (28) Dangers
16%
Lozère (48) Cultures
9%
Aucun quiz correspondant
Distribution des résultats
% des personnes avec chaque résultat
Percentile par nombre de réponses
Votre historique - résultats
Vous n’avez pas pris ce quiz